[Event "World Blitz 2025"]
[Site "Doha QAT"]
[Date "2025.12.29"]
[Round "12.101"]
[White "Haug, Havard"]
[Black "Bilguun, Sumiya"]
[Result "0-1"]
[WhiteTitle "FM"]
[BlackTitle "GM"]
[WhiteElo "2416"]
[BlackElo "2442"]
[WhiteFideId "1547887"]
[BlackFideId "4901541"]
[EventDate "2025.12.29"]

1. e4 c5 2. c3 d5 3. exd5 Qxd5 4. d4 Nf6 5. Nf3 e6 6. Na3 Qd8 7. Bb5+ Bd7 8.
Bxd7+ Nbxd7 9. Nc2 Rc8 10. O-O Be7 11. Bg5 O-O 12. Qe2 h6 13. Bxf6 Nxf6 14. Rad1
Qb6 15. d5 exd5 16. Ne3 Rfd8 17. g3 Bf8 18. Kg2 Re8 19. Qd2 Rcd8 20. Rfe1 Qc6
21. Nc2 Re6 22. Rxe6 fxe6 23. Qe2 Re8 24. Ne5 Qc7 25. Ng4 Nxg4 26. Qxg4 Qf7 27.
Re1 Bd6 28. c4 d4 29. Qe4 e5 30. b3 a6 31. a4 Rf8 32. Re2 b5 33. axb5 axb5 34.
Na3 b4 35. Nc2 Qf5 36. Qd5+ Kh7 37. Ne1 Rf6 38. Qe4 Qxe4+ 39. Rxe4 Kg6 40. Nd3
Kf5 41. f3 Rf8 42. g4+ Kf6 43. Nb2 Ra8 44. Na4 Be7 45. f4 exf4 46. Rxf4+ Ke5 47.
Kf3 g6 48. Nb6 Ra3 49. Re4+ Kd6 50. Nc8+ Kd7 51. Nxe7 Rxb3+ 52. Ke2 Rh3 53. Nxg6
Rxh2+ 54. Kd3 Rh3+ 55. Kd2 b3 56. Re7+ Kd6 57. Rb7 Rh2+ 58. Kd3 b2 59. Nf4 Ke5
60. Ne2 Rh3+ 61. Kd2 d3 62. Ng1 Rg3 63. Rxb2 Kd4 64. Rb6 Rg2+ 65. Ke1 Rxg1+ 66.
Kf2 Rxg4 67. Rxh6 Kxc4 68. Ke3 Rg3+ 69. Kf4 Rg1 70. Ke3 Re1+ 71. Kd2 Re2+ 72.
Kd1 Kc3 73. Ra6 c4 74. Ra3+ Kd4 75. Ra8 Rh2 76. Kc1 Rh1+ 77. Kb2 c3+ 78. Kb3
Rb1+ 79. Ka2 c2 80. Re8 Rb5 81. Rh8 Rc5 82. Rh4+ Kc3 83. Rh1 Ra5# 0-1

[Event "World Blitz 2025"]
[Site "Doha QAT"]
[Date "2025.12.29"]
[Round "12.102"]
[White "Suleimen, Ergali"]
[Black "Kadric, Denis"]
[Result "1/2-1/2"]
[WhiteTitle "IM"]
[BlackTitle "GM"]
[WhiteElo "2419"]
[BlackElo "2543"]
[WhiteFideId "13724452"]
[BlackFideId "14403803"]
[EventDate "2025.12.29"]

1. e4 d6 2. d4 Nf6 3. Nc3 e5 4. Nf3 Nbd7 5. Rg1 h5 6. h3 c6 7. Be3 Be7 8. Be2 b5
9. a3 Qc7 10. g4 hxg4 11. hxg4 Nf8 12. g5 Ng4 13. d5 Nxe3 14. fxe3 a6 15. dxc6
Qxc6 16. Nd5 Be6 17. Qd2 Bxd5 18. exd5 Qb6 19. O-O-O Nd7 20. Kb1 Nc5 21. g6 f5
22. Nxe5 dxe5 23. d6 O-O-O 24. Qc3 Bxd6 25. b4 Qc7 26. bxc5 Qxc5 27. Qb3 Qxa3
28. Qd5 Qb4+ 29. Ka2 Qc5 30. Qb3 Rh4 31. Rd5 Ra4+ 32. Kb1 Rb4 33. Rxc5+ Bxc5 34.
Rg5 Rxb3+ 35. cxb3 Rf8 36. e4 f4 37. Rxe5 Bd4 38. Rd5 f3 39. Bxf3 Rxf3 40. Rxd4
Rxb3+ 41. Kc2 Rg3 42. Rd6 a5 43. e5 Kc7 44. Ra6 a4 45. Ra7+ Kc6 46. Rxg7 Kd5 47.
Rb7 Kxe5 48. Rxb5+ Kf6 49. Ra5 Rxg6 50. Rxa4 1/2-1/2

[Event "World Blitz 2025"]
[Site "Doha QAT"]
[Date "2025.12.29"]
[Round "12.103"]
[White "Zhang, Zhong"]
[Black "Davtyan, Artur"]
[Result "0-1"]
[WhiteTitle "GM"]
[BlackTitle "IM"]
[WhiteElo "2561"]
[BlackElo "2474"]
[WhiteFideId "8600694"]
[BlackFideId "13308327"]
[EventDate "2025.12.29"]

1. e4 e5 2. Nf3 Nc6 3. d4 exd4 4. Bc4 Nf6 5. e5 d5 6. Bb5 Ne4 7. Nxd4 Bd7 8.
Bxc6 bxc6 9. O-O Bc5 10. f3 Ng5 11. f4 Ne4 12. Be3 O-O 13. Nd2 Nxd2 14. Qxd2 Bb6
15. Nb3 Qe7 16. Qc3 Rfe8 17. Bc5 Qh4 18. a4 a5 19. Rae1 Qh5 20. h3 Qg6 21. Kh2
h5 22. Nd4 h4 23. Re3 Qh6 24. Rff3 g6 25. f5 Bxf5 26. Nxf5 gxf5 27. Rxf5 Re6 28.
Ref3 Qg7 29. Rxf7 Qxe5+ 30. Qxe5 Rxe5 31. Bxb6 cxb6 32. Rc7 c5 33. Rf6 Rg5 34.
Rf4 Re8 35. Rxh4 Re2 36. Rg4 Rxg4 37. hxg4 Rxc2 38. b3 Rc3 39. Rd7 d4 40. g3
Rxb3 41. Kh3 b5 42. axb5 d3 43. b6 c4 44. b7 Rxb7 45. Rxb7 d2 46. Rd7 c3 47. Kh4
c2 48. Rxd2 c1=Q 49. Rd7 Qh6# 0-1

[Event "World Blitz 2025"]
[Site "Doha QAT"]
[Date "2025.12.29"]
[Round "12.104"]
[White "Shogdzhiev, Roman"]
[Black "Akobian, Varuzhan"]
[Result "1-0"]
[WhiteTitle "IM"]
[BlackTitle "GM"]
[WhiteElo "2403"]
[BlackElo "2549"]
[WhiteFideId "55653537"]
[BlackFideId "13300580"]
[EventDate "2025.12.29"]

1. d3 d5 2. Nd2 Nf6 3. Ngf3 c5 4. g3 Nc6 5. Bg2 Bg4 6. h3 Bf5 7. Nh4 Bd7 8. e4
e6 9. O-O Be7 10. Nhf3 Bc8 11. Re1 O-O 12. e5 Nd7 13. Nf1 b5 14. h4 Qc7 15. Bf4
b4 16. h5 a5 17. h6 g6 18. N1h2 a4 19. a3 bxa3 20. bxa3 Ba6 21. Ng4 Rfc8 22. Qc1
Nd4 23. Bg5 Bf8 24. Qd2 Rab8 25. Rac1 Nf5 26. c4 d4 27. Qf4 Rb3 28. Nd2 Rxd3 29.
Ne4 Bb7 30. Nef6+ Nxf6 31. Nxf6+ Kh8 32. g4 Bxg2 33. Kxg2 Qb7+ 34. Re4 Rb8 35.
Kg1 Rxa3 36. gxf5 exf5 37. e6 Qb6 38. Nd7 Qd6 39. exf7 Qxf4 40. Bf6+ 1-0

[Event "World Blitz 2025"]
[Site "Doha QAT"]
[Date "2025.12.29"]
[Round "12.105"]
[White "Meng, Yihan"]
[Black "Dlugy, Maxim"]
[Result "1-0"]
[WhiteTitle "IM"]
[BlackTitle "GM"]
[WhiteElo "2456"]
[BlackElo "2502"]
[WhiteFideId "8631891"]
[BlackFideId "2000075"]
[EventDate "2025.12.29"]

1. e4 d5 2. exd5 Qxd5 3. Nc3 Qd6 4. d4 c6 5. Nf3 Bg4 6. Be3 e6 7. h3 Bh5 8. g4
Bg6 9. Ne5 Nd7 10. f4 Nxe5 11. fxe5 Qb4 12. Rb1 Ne7 13. a3 Qa5 14. Bg2 Nd5 15.
Bd2 Qb6 16. Nxd5 cxd5 17. Bg5 Rc8 18. O-O Rxc2 19. Rc1 Rc6 20. Rxc6 bxc6 21. Qa4
h6 22. Rc1 Kd7 23. Bh4 h5 24. Bf1 a6 25. Bxa6 Kc7 26. Bb5 c5 27. dxc5 Qb7 28.
Qa5+ Kb8 29. c6 Qc7 30. Qxc7+ Kxc7 31. Bd8+ 1-0

[Event "World Blitz 2025"]
[Site "Doha QAT"]
[Date "2025.12.29"]
[Round "12.106"]
[White "Yilmaz, Mustafa"]
[Black "Musovic, Armin"]
[Result "0-1"]
[WhiteTitle "GM"]
[BlackTitle "FM"]
[WhiteElo "2595"]
[BlackElo "2190"]
[WhiteFideId "6302718"]
[BlackFideId "939935"]
[EventDate "2025.12.29"]

1. d4 d5 2. c4 c5 3. cxd5 Qxd5 4. Nf3 cxd4 5. Nc3 Qa5 6. Nxd4 Nf6 7. Nb3 Qc7 8.
Nb5 Qc6 9. N5d4 Qb6 10. e3 e5 11. Nb5 a6 12. Nc3 Bb4 13. Bd2 O-O 14. Na4 Qd6 15.
a3 Bxd2+ 16. Qxd2 Qc7 17. Rc1 Nc6 18. Be2 Rd8 19. Qc2 h5 20. O-O Bg4 21. h3 Be6
22. Nbc5 Bd5 23. Nc3 Rac8 24. Nxd5 Rxd5 25. Bf3 Rd6 26. b4 Qe7 27. Qf5 Rc7 28.
Rfd1 g6 29. Qb1 Rxd1+ 30. Rxd1 Nd8 31. Qb3 e4 32. Nxe4 Nh7 33. Nc5 Ng5 34. Bd5
Kg7 35. Qc3+ f6 36. Qd4 b6 37. Nxa6 Rc2 38. Bb3 Nc6 39. Qxb6 Rc3 40. Ba4 Ne5 41.
Nc5 Rxa3 42. Qd6 Qa7 43. h4 Ngf3+ 44. gxf3 Nxf3+ 45. Kh1 Nxh4 46. Ne6+ Kh7 47.
Qd7+ Qxd7 48. Rxd7+ Kh6 49. Rd8 g5 50. Bc2 Ng6 51. b5 Ra2 52. Bd3 Rxf2 53. Rd7
g4 54. Kg1 g3 55. Bxg6 Kxg6 56. b6 Rb2 57. b7 h4 58. Nf4+ Kf5 59. Rh7 Kg4 60.
Ng6 h3 61. Kf1 Kf3 62. Nh4+ Kxe3 63. Nf5+ Kf3 64. Nd4+ Ke4 65. Nc6 g2+ 66. Kg1
Rb1+ 0-1

[Event "World Blitz 2025"]
[Site "Doha QAT"]
[Date "2025.12.29"]
[Round "12.107"]
[White "Halkias, Stelios"]
[Black "Al Hosani, Omran"]
[Result "1-0"]
[WhiteTitle "GM"]
[BlackTitle "IM"]
[WhiteElo "2503"]
[BlackElo "2340"]
[WhiteFideId "4201809"]
[BlackFideId "9308733"]
[EventDate "2025.12.29"]

1. Nf3 d6 2. d4 Nd7 3. c4 Ngf6 4. Nc3 e5 5. e4 c6 6. Be2 Be7 7. O-O O-O 8. Be3
Re8 9. d5 a5 10. Nd2 Bf8 11. b3 g6 12. a3 Bg7 13. Kh1 Nf8 14. b4 h5 15. Rc1 Ng4
16. Bxg4 hxg4 17. c5 axb4 18. axb4 cxd5 19. Nxd5 dxc5 20. bxc5 f5 21. f3 gxf3
22. Qxf3 f4 23. Bg1 Ne6 24. Qb3 Kh7 25. Nc4 Rf8 26. Ndb6 Ra6 27. Nd6 Rf6 28.
Nbxc8 Ng5 29. Rc3 f3 30. Rcxf3 Nxf3 31. Rxf3 Rxf3 32. Qxf3 Ra1 33. Qh3+ Bh6 34.
Qxh6+ Kxh6 35. Nf7+ Kg7 36. Nxd8 Rb1 37. Nd6 Kf6 38. N8xb7 Ke6 39. c6 Rc1 40. h4
Rxc6 41. Nd8+ 1-0

[Event "World Blitz 2025"]
[Site "Doha QAT"]
[Date "2025.12.29"]
[Round "12.108"]
[White "Tissir, Mohamed"]
[Black "Le, Tuan Minh"]
[Result "0-1"]
[WhiteTitle "IM"]
[BlackTitle "GM"]
[WhiteElo "2293"]
[BlackElo "2598"]
[WhiteFideId "9000240"]
[BlackFideId "12401153"]
[EventDate "2025.12.29"]

1. e4 e5 2. Nf3 Nc6 3. Bc4 Bc5 4. c3 Nf6 5. d3 d6 6. Bb3 a6 7. Nbd2 O-O 8. Nf1
Ng4 9. d4 Ba7 10. h3 Nf6 11. Ng3 exd4 12. cxd4 d5 13. e5 Ne4 14. O-O Be6 15. Be3
Nxg3 16. fxg3 f6 17. exf6 Qxf6 18. Kh2 h6 19. Rc1 Rae8 20. Qd2 Qd8 21. Rf2 Bb6
22. Rcf1 Rf6 23. a3 Na5 24. Ba2 Ref8 25. Ne5 Rxf2 26. Rxf2 Rxf2 27. Qxf2 c6 28.
Bb1 Nc4 29. Nxc4 dxc4 30. Qf3 Qd5 31. Be4 Qd7 32. Qf4 Bc7 33. Qf2 Bd5 34. Bg6
Qe6 35. Bf5 Qf6 36. Bc8 Qe7 37. Qf5 b5 38. Bf4 Qe2 0-1

[Event "World Blitz 2025"]
[Site "Doha QAT"]
[Date "2025.12.29"]
[Round "12.77"]
[White "Assylov, Miras"]
[Black "Vakhidov, Jakhongir"]
[Result "0-1"]
[WhiteTitle "FM"]
[BlackTitle "GM"]
[WhiteElo "2393"]
[BlackElo "2516"]
[WhiteFideId "13728873"]
[BlackFideId "14201801"]
[EventDate "2025.12.29"]

1. Nf3 g6 2. e4 c5 3. c3 d5 4. e5 a6 5. d4 Nc6 6. h3 Bg7 7. Be2 f6 8. exf6 Nxf6
9. dxc5 O-O 10. O-O Kh8 11. Be3 Nh5 12. Qd2 e5 13. Rd1 Be6 14. Ng5 Bg8 15. Bxh5
gxh5 16. Qe2 Qe8 17. Nf3 Rd8 18. Nbd2 h6 19. Nf1 Bh7 20. Ng3 Qf7 21. Qd2 Qg6 22.
Qe2 Bf6 23. h4 Rg8 24. Rd2 d4 25. cxd4 exd4 26. Bf4 d3 27. Qd1 Rde8 28. Bd6 Qg4
29. Nh2 Qxd1+ 30. Raxd1 Bxh4 31. Nxh5 Bg5 32. f4 Bd8 33. Nf3 Be4 34. Kf2 Kh7 35.
Rh1 Rg6 36. Ng3 Kg8 37. Nxe4 Rxe4 38. Rxd3 Bf6 39. b3 Bg7 40. Rhd1 Rge6 41. R3d2
Re8 42. Re1 Rxe1 43. Nxe1 Bd4+ 44. Kf1 Bc3 45. Re2 Rxe2 46. Kxe2 Nb4 47. a3 Bxe1
48. axb4 Bxb4 49. Kd3 Kf7 50. Kc4 Bd2 51. g4 Ke6 52. Bf8 Bxf4 53. b4 Kf7 54. Bd6
Bxd6 55. cxd6 Ke6 56. b5 Kxd6 57. bxa6 bxa6 58. Kd4 0-1

[Event "World Blitz 2025"]
[Site "Doha QAT"]
[Date "2025.12.29"]
[Round "12.78"]
[White "Jumabayev, Rinat"]
[Black "Aziz, Husain"]
[Result "1-0"]
[WhiteTitle "GM"]
[BlackTitle "IM"]
[WhiteElo "2560"]
[BlackElo "2256"]
[WhiteFideId "13702661"]
[BlackFideId "12100293"]
[EventDate "2025.12.29"]

1. Nf3 d5 2. g3 Bg4 3. Bg2 e6 4. c4 c6 5. b3 Nf6 6. Bb2 Nbd7 7. O-O Be7 8. d3
O-O 9. Nbd2 a5 10. a3 h6 11. Qc2 Bd6 12. h3 Bh5 13. Rfe1 Re8 14. e4 dxe4 15.
dxe4 e5 16. Bc3 Qc7 17. b4 axb4 18. axb4 b6 19. Nh4 Nf8 20. Bf3 Bg6 21. Qb2 N6d7
22. Nf1 Ne6 23. Nxg6 fxg6 24. Ne3 Nd4 25. Bg2 Rf8 26. Rxa8 Rxa8 27. Rd1 Nf6 28.
Bxd4 exd4 29. Qxd4 Be5 30. Qd2 g5 31. c5 bxc5 32. bxc5 Qe7 33. Qc2 Rb8 34. Nf5
Qf8 35. Qc4+ Kh7 36. Bf3 Rb2 37. Kg2 g6 38. Ne3 Qe7 39. Ng4 Nxg4 40. Bxg4 h5 41.
Rd7 1-0

[Event "World Blitz 2025"]
[Site "Doha QAT"]
[Date "2025.12.29"]
[Round "12.79"]
[White "Saraci, Nderim"]
[Black "Muntean, Victor"]
[Result "1/2-1/2"]
[WhiteTitle "IM"]
[WhiteElo "2461"]
[BlackElo "2169"]
[WhiteFideId "6351921"]
[BlackFideId "1054414"]
[EventDate "2025.12.29"]

1. d4 d6 2. Nf3 g6 3. g3 Bg7 4. Bg2 Nf6 5. O-O O-O 6. c4 Nc6 7. Nc3 a6 8. h3 Rb8
9. Bg5 h6 10. Be3 b5 11. cxb5 axb5 12. Rc1 Na5 13. b3 b4 14. Na4 Bd7 15. d5 c5
16. dxc6 Bxc6 17. Qd2 Bxa4 18. bxa4 Ne4 19. Qd3 Nc3 20. Rc2 Qd7 21. Bd4 Qxa4 22.
Bxg7 Kxg7 23. Rfc1 Nxa2 24. Rb1 Rfc8 25. Nd4 Rxc2 26. Nxc2 b3 27. Nd4 Qc4 28.
Qxc4 Nxc4 29. Rxb3 Rxb3 30. Nxb3 Nc3 31. e3 f5 32. Bf1 Ne5 33. Nd4 Kf6 34. Kg2
e6 35. f4 Nd7 36. Kf2 Ne4+ 37. Kg2 Nb6 38. Bd3 Nc5 39. Bc2 e5 40. Nb5 Nc4 41.
Kf2 e4 42. g4 d5 43. Ke2 Ne6 44. gxf5 Kxf5 45. Bb3 g5 46. Bxc4 dxc4 47. Nd6+ Kg6
48. f5+ Kf6 49. fxe6 Kxe6 50. Nxe4 Ke5 51. Nc3 h5 52. Kf3 Kf5 53. Kg3 Ke5 54. h4
g4 55. Kf2 Kf5 56. Ke1 g3 57. e4+ Kf4 58. Kf1 Kg4 59. Nd5 Kxh4 60. e5 Kg5 61. e6
Kg6 62. Kg2 h4 63. Kh3 Kg7 64. Kg2 Kf8 65. Kf3 Ke8 66. Kg2 Kf8 1/2-1/2

[Event "World Blitz 2025"]
[Site "Doha QAT"]
[Date "2025.12.29"]
[Round "12.80"]
[White "Dudin, Gleb"]
[Black "Nainys, Zanas"]
[Result "1-0"]
[WhiteTitle "GM"]
[WhiteElo "2585"]
[BlackElo "2307"]
[WhiteFideId "34184934"]
[BlackFideId "12844098"]
[EventDate "2025.12.29"]

1. e4 e6 2. d4 d5 3. e5 c5 4. c3 Qb6 5. a4 Nc6 6. Bb5 Bd7 7. Ne2 Nge7 8. dxc5
Qc7 9. f4 a6 10. Bd3 g5 11. O-O gxf4 12. Bxf4 Ng6 13. Bg3 Bxc5+ 14. Kh1 Ncxe5
15. Nd2 Bd6 16. Bc2 Ng4 17. Rf3 e5 18. h3 h5 19. Nf1 Ke7 20. Qxd5 Raf8 21. Bxg6
fxg6 22. Rxf8 Kxf8 23. hxg4 hxg4+ 24. Kg1 Qc5+ 25. Qxc5 Bxc5+ 26. Bf2 Be7 27. a5
Bb5 28. Neg3 Kg7 29. Ne3 Rd8 30. Nxg4 Rd2 31. Nxe5 Rxb2 32. Bd4 Kh7 33. c4 Rd2
34. Nf3 Rxd4 35. Nxd4 Bc5 36. Rd1 Bxc4 37. Ne4 Ba7 38. Kh2 Bd5 39. Nf6+ 1-0

[Event "World Blitz 2025"]
[Site "Doha QAT"]
[Date "2025.12.29"]
[Round "12.81"]
[White "Samadov, Read"]
[Black "Al Mashikhi, Salim Aliyan"]
[Result "1-0"]
[WhiteTitle "IM"]
[BlackTitle "FM"]
[WhiteElo "2510"]
[BlackElo "1952"]
[WhiteFideId "13417444"]
[BlackFideId "22000046"]
[EventDate "2025.12.29"]

1. Nf3 d5 2. g3 Nf6 3. Bg2 g6 4. O-O Bg7 5. d4 O-O 6. c4 c6 7. a4 Nbd7 8. cxd5
cxd5 9. Nc3 b6 10. Bf4 Bb7 11. Qb3 Ne4 12. Rfd1 Nxc3 13. bxc3 Ba6 14. Qxd5 Bxe2
15. Re1 e6 16. Qb3 Ba6 17. Ng5 Rc8 18. Ne4 Bc4 19. Qa3 Bd5 20. Rac1 Re8 21. Nd6
Bf8 22. Bxd5 Bxd6 23. Qxd6 exd5 24. Qxd5 Nf6 25. Qxd8 Rcxd8 26. Bg5 Kg7 27. Kf1
h6 28. Bf4 Nd5 29. Bd2 Nf6 30. Rxe8 Rxe8 31. c4 Rc8 32. Ke2 Ne4 33. Be3 Kf8 34.
Kd3 f5 35. Bxh6+ Kf7 36. Be3 Rh8 37. h4 Rc8 38. Rb1 Rd8 39. a5 Nc5+ 40. Kc2 Nd7
41. axb6 Nxb6 42. Kd3 Rd7 43. d5 1-0

[Event "World Blitz 2025"]
[Site "Doha QAT"]
[Date "2025.12.29"]
[Round "12.82"]
[White "Murshed, Niaz"]
[Black "Anwoir, Tarik"]
[Result "1-0"]
[WhiteTitle "GM"]
[WhiteElo "2341"]
[BlackElo "2098"]
[WhiteFideId "10200010"]
[BlackFideId "9004904"]
[EventDate "2025.12.29"]

1. d4 d5 2. c4 e6 3. Nc3 Nf6 4. cxd5 exd5 5. Bg5 c6 6. Qc2 Be7 7. e3 h6 8. Bh4
Nbd7 9. Bd3 O-O 10. Nge2 Re8 11. O-O Nf8 12. Rae1 Bg4 13. f3 Be6 14. Bf2 Bb4 15.
h3 a6 16. e4 Rc8 17. e5 N6h7 18. f4 Bd7 19. f5 b5 20. Nf4 Ng5 21. Re2 a5 22. h4
Ngh7 23. e6 fxe6 24. fxe6 Bxe6 25. Nxe6 Nxe6 26. Bxh7+ Kh8 27. Bf5 Qf6 28. Rfe1
Nc7 29. Bxc8 Rxc8 30. Qd3 Rf8 31. Bg3 Bd6 32. Rf2 1-0

[Event "World Blitz 2025"]
[Site "Doha QAT"]
[Date "2025.12.29"]
[Round "12.83"]
[White "Fandi, Mazen"]
[Black "Aditya, Mittal"]
[Result "1-0"]
[WhiteTitle "FM"]
[BlackTitle "GM"]
[WhiteElo "2304"]
[BlackElo "2624"]
[WhiteFideId "7611625"]
[BlackFideId "35042025"]
[EventDate "2025.12.29"]

1. e4 c5 2. Nf3 d6 3. d4 cxd4 4. Nxd4 Nf6 5. Nc3 a6 6. f3 e5 7. Nb3 Be7 8. Be3
Be6 9. Qd2 O-O 10. O-O-O Nbd7 11. g4 b5 12. g5 b4 13. Ne2 Nh5 14. Ng3 a5 15.
Nxh5 a4 16. Nd4 exd4 17. Qxd4 Ne5 18. Be2 b3 19. cxb3 axb3 20. a3 Qc7+ 21. Kd2
Qa5+ 22. Qb4 Qxb4+ 23. axb4 Ra2 24. Bd4 Bxg5+ 25. f4 Bh6 26. Ke1 Nc6 27. Bc3 Rb8
28. Nxg7 Nxb4 29. Rg1 Nc2+ 30. Kf2 Kf8 31. Kf3 Rc8 32. Nxe6+ fxe6 33. Rxd6 Rxc3+
34. bxc3 b2 35. Rb6 Na3 36. Bd3 Ra1 37. Rg2 b1=Q 38. Bxb1 Rxb1 39. Rxe6 Bg7 40.
e5 Nc4 41. Rc6 Nd2+ 42. Rxd2 Rb7 43. Rcd6 Ke7 44. c4 Bf8 45. R2d3 Rb1 46. c5 Rc1
47. Rd7+ Ke6 48. R3d6+ Bxd6 49. Rxd6+ Ke7 50. c6 h5 51. Rh6 Rc2 52. Rxh5 Rxc6
53. Rh7+ Kf8 54. h4 Kg8 55. Ke4 1-0

[Event "World Blitz 2025"]
[Site "Doha QAT"]
[Date "2025.12.29"]
[Round "12.84"]
[White "Sindarov, Islombek"]
[Black "Averin, Nikolay"]
[Result "1/2-1/2"]
[WhiteTitle "CM"]
[BlackTitle "FM"]
[WhiteElo "2129"]
[BlackElo "2389"]
[WhiteFideId "14205475"]
[BlackFideId "24250473"]
[EventDate "2025.12.29"]

1. e4 Nf6 2. Nc3 d5 3. e5 Nfd7 4. d4 e6 5. Nce2 c5 6. c3 b5 7. a3 Nc6 8. Nf3 a5
9. g3 Be7 10. Bg2 Ba6 11. h4 b4 12. axb4 axb4 13. O-O O-O 14. Be3 Nb6 15. Qc2
Nc4 16. Ng5 g6 17. Bf4 Qb6 18. Rfe1 cxd4 19. cxd4 Nxd4 20. Nxd4 Qxd4 21. b3 Na3
22. Qc7 Ra7 23. Qc6 Qc5 24. Qxc5 Bxc5 25. Rec1 Bd4 26. Ra2 Rc8 27. Rd1 Rc2 28.
Rxc2 Nxc2 29. Rd2 Rc7 30. Bxd5 h6 31. Nf3 Bc3 32. Rxc2 exd5 33. e6 Re7 34. exf7+
Kxf7 35. Bxh6 d4 36. Ra2 Be2 37. Ng5+ Kf6 38. Ra8 Bd1 39. f4 Re1+ 40. Kf2 Re2+
41. Kg1 d3 42. Ra7 Kf5 43. Rf7+ Kg4 44. f5 gxf5 45. Bg7 d2 46. Bxc3 bxc3 47. Rg7
Bxb3 48. Ne4+ 1/2-1/2

[Event "World Blitz 2025"]
[Site "Doha QAT"]
[Date "2025.12.29"]
[Round "12.109"]
[White "George Samir, David"]
[Black "Begmuratov, Khumoyun"]
[Result "1-0"]
[WhiteTitle "IM"]
[BlackTitle "IM"]
[WhiteElo "2343"]
[BlackElo "2451"]
[WhiteFideId "10657789"]
[BlackFideId "14210207"]
[EventDate "2025.12.29"]

1. e4 e5 2. Nf3 Nc6 3. Bb5 a6 4. Ba4 Nf6 5. O-O d6 6. c3 Bd7 7. Re1 g6 8. h3 Bg7
9. d4 O-O 10. Bc2 Re8 11. d5 Ne7 12. c4 b5 13. c5 c6 14. cxd6 Nc8 15. Nc3 Nxd6
16. Bg5 h6 17. Bxf6 Qxf6 18. dxc6 Bxc6 19. Nd5 Qd8 20. Rc1 Rc8 21. Bb3 a5 22. a4
Kh7 23. axb5 Nxb5 24. Ba4 Qd6 25. Nb6 Qb4 26. Nxc8 Rxc8 27. Qb3 Qxb3 1-0

[Event "World Blitz 2025"]
[Site "Doha QAT"]
[Date "2025.12.29"]
[Round "12.110"]
[White "Chekh Adm Khedr, Aram"]
[Black "Piliposyan, Robert"]
[Result "0-1"]
[WhiteTitle "FM"]
[BlackTitle "IM"]
[WhiteElo "2139"]
[BlackElo "2442"]
[WhiteFideId "7601948"]
[BlackFideId "13309978"]
[EventDate "2025.12.29"]

1. e4 e6 2. d4 d5 3. Nd2 h6 4. Ngf3 Nf6 5. e5 Nfd7 6. Bd3 c5 7. c3 Nc6 8. O-O g5
9. dxc5 Bxc5 10. Nb3 Bb6 11. Nfd4 Ndxe5 12. Bb5 Bd7 13. f4 gxf4 14. Bxf4 Ng6 15.
Kh1 Nxf4 16. Rxf4 Qe7 17. Qh5 O-O-O 18. Rxf7 Qd6 19. Rf6 a6 20. Bxc6 bxc6 21.
Re1 Rdf8 22. Rxh6 Rxh6 23. Qxh6 Bc7 24. g3 Re8 25. Qh7 c5 26. Nf3 e5 27. Kg1 Bb6
28. c4 e4 29. Ng5 dxc4 30. Nxe4 Rxe4 31. Qxe4 cxb3 32. axb3 c4+ 33. Kf1 Qf6+ 34.
Qf4 Qxf4+ 35. gxf4 cxb3 36. Kg2 Bd4 37. Re2 a5 38. h4 a4 39. Rd2 Bf6 40. Kf3
Bxh4 41. Rd4 Bf6 42. Rd2 a3 43. bxa3 b2 44. Rd1 Bf5 45. a4 b1=Q 46. Rxb1 Bxb1
47. Kg4 Kc7 48. a5 Kb7 49. Kf3 Bf5 50. Ke3 Ka6 51. Kd2 Kxa5 52. Kc1 Kb4 53. Kd2
Kc4 54. Ke3 Kc3 55. Kf3 Kd3 56. Kg3 Ke3 57. Kg2 Kxf4 58. Kf2 Bg4 59. Kg2 Bd4 60.
Kf1 Bc3 61. Kf2 Bb4 62. Kg2 Ba5 63. Kf2 Bf3 64. Kf1 Kg3 65. Kg1 Be2 0-1

[Event "World Blitz 2025"]
[Site "Doha QAT"]
[Date "2025.12.29"]
[Round "12.111"]
[White "Bai, Adelard"]
[Black "Damaj, Mohammed"]
[Result "1/2-1/2"]
[WhiteTitle "IM"]
[BlackTitle "CM"]
[WhiteElo "2417"]
[BlackElo "2119"]
[WhiteFideId "16301188"]
[BlackFideId "11501731"]
[EventDate "2025.12.29"]

1. d4 d5 2. Nc3 c6 3. Bf4 Bf5 4. e3 e6 5. Bd3 Bxd3 6. cxd3 Bd6 7. Qb3 b6 8. Bxd6
Qxd6 9. Nf3 Ne7 10. O-O O-O 11. e4 Nd7 12. Rac1 Rfc8 13. Rfe1 Kf8 14. h3 h6 15.
Qd1 c5 16. dxc5 Nxc5 17. e5 Qd7 18. d4 Na6 19. a3 Nc7 20. Qd3 Kg8 21. Rc2 Ne8
22. Rec1 Rc6 23. Nd2 Rac8 24. Nf1 Nf5 25. Ne3 Nxe3 26. fxe3 f5 27. Kh2 g6 28.
Ne2 Rxc2 29. Rxc2 Rxc2 30. Qxc2 Qc7 31. Qa4 Kf7 32. Nc3 a5 33. Qb5 Qe7 34. Qxb6
Qg5 35. Nd1 f4 36. Qa7+ Kg8 37. Qb8 Qg3+ 38. Kg1 Qe1+ 39. Kh2 Qg3+ 40. Kg1 Qe1+
41. Kh2 Qg3+ 1/2-1/2

[Event "World Blitz 2025"]
[Site "Doha QAT"]
[Date "2025.12.29"]
[Round "12.112"]
[White "Abdilkhair, Abilmansur"]
[Black "Chanda, Sandipan"]
[Result "0-1"]
[WhiteTitle "IM"]
[BlackTitle "GM"]
[WhiteElo "2378"]
[BlackElo "2490"]
[WhiteFideId "13716417"]
[BlackFideId "5004225"]
[EventDate "2025.12.29"]

1. e4 e6 2. d4 d5 3. Nc3 dxe4 4. Nxe4 Nd7 5. g3 Be7 6. Bg2 Ngf6 7. Nxf6+ Bxf6 8.
Nf3 O-O 9. O-O e5 10. Be3 c6 11. c4 exd4 12. Bxd4 Bxd4 13. Qxd4 Qb6 14. Rfe1
Qxd4 15. Nxd4 a5 16. Nf5 Nc5 17. Nd6 Be6 18. Rad1 Rfd8 19. Re5 Na4 20. Re2 Bxc4
21. Red2 Ba6 22. h4 Nc5 23. Bh3 Kf8 24. Rd4 Ne6 25. Bxe6 fxe6 26. Ne4 Rxd4 27.
Rxd4 Ke7 28. Nc5 b6 29. Rd7+ Kf6 30. Ne4+ Ke5 31. Ng5 h6 32. Nf3+ Kf6 33. Nd4 c5
34. Nc2 Rc8 35. Ne3 Be2 36. f4 h5 37. Kf2 Bg4 38. Nc4 Kg6 39. Nxb6 Rb8 40. Nc4
Rb4 41. b3 a4 42. Ne5+ Kh6 43. Nf7+ Kh7 44. Rd3 Bf5 45. Ng5+ Kg6 46. Rc3 a3 47.
Rxc5 Bb1 48. Ra5 Bxa2 49. Rxa3 Bxb3 50. Nf3 Bd5 51. Ne5+ Kf5 52. Ra7 Rb2+ 53.
Ke1 g6 54. Rg7 Ke4 55. Rxg6 Ke3 56. Kd1 Be4 57. Nc4+ Kf3 58. Nxb2 Bxg6 59. Na4
Kxg3 60. Ke2 Kxf4 61. Kf2 Kg4 62. Nc5 Bf5 63. Nd7 Kxh4 64. Kg2 Kg5 65. Ne5 h4
66. Nf3+ Kg4 67. Kf2 h3 68. Nh2+ Kf4 69. Nf1 e5 70. Ng3 Bg4 71. Nf1 e4 72. Kg1
e3 0-1

[Event "World Blitz 2025"]
[Site "Doha QAT"]
[Date "2025.12.29"]
[Round "12.113"]
[White "Cunha, Lucas Aguiar"]
[Black "Sharan, Rao"]
[Result "1-0"]
[WhiteTitle "FM"]
[BlackTitle "IM"]
[WhiteElo "2263"]
[BlackElo "2341"]
[WhiteFideId "2125404"]
[BlackFideId "5073464"]
[EventDate "2025.12.29"]

1. e4 d5 2. exd5 Qxd5 3. Nc3 Qd8 4. d4 Nf6 5. Nf3 c6 6. Bc4 Bf5 7. Ne5 e6 8. g4
Bg6 9. h4 Bb4 10. h5 Bxc2 11. Qxc2 Qxd4 12. Qe2 Bxc3+ 13. bxc3 Qxc3+ 14. Kf1
Qxa1 15. Kg2 O-O 16. Bb2 Qxh1+ 17. Kxh1 Nbd7 18. g5 Nxe5 19. Qxe5 Nxh5 20. Be2
f6 21. Qxe6+ Kh8 22. Bxh5 Rad8 23. gxf6 1-0